000
00292nam a22001097a 4500
005
20241022155547.0
008
241022b |||||||| |||| 00| 0 eng d
100
_a
Jha UC
_d
2011
245
_a
INTERNATIONAL HUMANITARIAN LAW
_b
THE LAWS OF WAR
300
_a
xiii, 425 pages
_b
index
942
_2
lcc
_c
BK
_n
0
999
_c
114
_d
114